Por tierras de Granada (Record no. 26928)

MARC details
000 -LEADER
campo de control de longitud fija 00651nam a2200205 i 4500
001 - NÚMERO DE CONTROL
campo de control 26928
003 - IDENTIFICADOR DE NÚMERO DE CONTROL
campo de control ES-MaACL
005 - FECHA Y HORA DE LA ÚLTIMA TRANSACCIÓN
campo de control 20250824201032.0
007 - CAMPO FIJO DE DESCRIPCIÓN FÍSICA--INFORMACIÓN GENERAL
campo de control de longitud fija t|
008 - DATOS DE LONGITUD FIJA--INFORMACIÓN GENERAL
campo de control de longitud fija 030113s1979 sp ||||1| spa d
100 1# - ENTRADA PRINCIPAL--NOMBRE DE PERSONA
Nombre de persona Asenjo Sedano, Carlos.
9 (RLIN) 23567
245 10 - MENCIÓN DEL TÍTULO
Título Por tierras de Granada
Resto del título : (La Accitania o Tierra de Guadix) /
Mención de responsabilidad, etc. Carlos Asenjo Sedano.
250 ## - MENCION DE EDICION
Mención de edición [1ª ed.].
260 ## - PUBLICACIÓN, DISTRIBUCIÓN, ETC.
Lugar de publicación, distribución, etc. Granada :
Nombre del editor, distribuidor, etc. Antonio Ubago,
Fecha de publicación, distribución, etc. 1979.
300 ## - DESCRIPCIÓN FÍSICA
Extensión 237 p. :
Otras características físicas grab. retr. aut. ;
Dimensiones 21 cm.
490 1# - MENCIÓN DE SERIE
Mención de serie Anade. Libros de ensayo ;
Designación de volumen o secuencia 2
830 00 - PUNTO DE ACCESO ADICIONAL DE SERIE-TÍTULO UNIFORME
Título uniforme Ánade.
Nombre de parte o sección de la obra Libros de ensayo
Designación de volumen o secuencia 2
9 (RLIN) 229189
852 ## - LOCALIZACIÓN
Ubicación ES-MaACL
Número de control de estantería A-9599
Sublocalización o colección R.106308
Holdings
Estatus retirado Estado de pérdida Estado de daño No para préstamo Biblioteca de origen Biblioteca actual Ubicación en estantería Fecha de adquisición Fuente de adquisición Total de préstamos Signatura topográfica completa Código de barras Visto por última vez Precio de reemplazo Tipo de ítem Koha
        Biblioteca del Ateneo de Madrid Biblioteca del Ateneo de Madrid Depósito 1 17/01/2008     A-9599 1027796 23/02/2023 23/02/2023 Libro impreso